000 00849cad a22002055a 4500
001 L157360
008 121101s20121002xxk f 000 0 eng d
035 _a(Sirsi) u157360
041 0 _aeng
110 2 _aNationwide Building Society
_91019
245 0 0 _aNationwide house price index
_bOctober 2012
_h[electronic resource]
260 _c2012
490 0 _aNationwide House Price Index
_vOctober 2012
520 _aUnited Kingdom house prices increased by 0.6% in October 2012 and fell by 0.9% on a year on year basis. Although UK is out of recession, there are challenging times ahead for the UK housing market.
590 _aKA
651 4 _aUnited Kingdom
_y
690 _aResidential property
_96266
856 4 0 _uhttps://www.nationwide.co.uk/hpi/historical/Oct_2012.pdf
_zView this item free of charge at www.nationwide.co.uk
942 _n0
999 _c114735
_d114735